Statistiche per Nazioni mai qualificate alla UEFA Champions League

Clicka qui per fare il quiz!

Statistiche generali

  • Questo quiz è stato fatto 52 volte
  • Il punteggio medio è 16 su 21

Statistiche sulle risposte

Federazione% Corretto
Lettonia
94%
Lituania
94%
San Marino
94%
Andorra
91%
Estonia
89%
Irlanda
85%
Liechtenstein
85%
Lussemburgo
83%
Malta
81%
Albania
79%
Bosnia ed Erzegovina
79%
Islanda
79%
Macedonia del Nord
77%
Montenegro
77%
Kosovo
74%
Armenia
62%
Georgia
62%
Irlanda del Nord
60%
Galles
57%
Gibilterra
51%
Fær Øer
19%

Distribuzione punteggi

Percentile per numero di risposta

Percentuale di utenti per punteggio

I tuoi punteggi nel tempo

Non hai fatto questo quiz